Errate alle Hauptstädte von Asien. - Statistiken

Allgemein
  • Dieses Quiz wurde 261 mal gespielt
    225 seit der letzten Aktualisierung
  • Das Durchschnittsergebnis liegt bei 36 aus 48
Antwortstatistiken
Hinwei Zahl Antwort % Korrekt
Irak 1 Bagdad
92%
China 9 Peking
92%
Türkei 42 Ankara
91%
Südkorea 39 Seoul
91%
Israel 14 Jerusalem
90%
Afghanistan 2 Kabul
90%
Indien 11 Neu-Delhi
90%
Japan 15 Tokio
90%
Russland 35 Moskau
89%
Syrien 40 Damaskus
86%
Iran 13 Teheran
85%
Singapur 37 Singapur
84%
Vereinigte Arabische Emirate 47 Abu Dhabi
83%
Aserbaidschan 4 Baku
83%
Thailand 44 Bangkok
83%
Saudi-Arabien 36 Riad
83%
Pakistan 33 Islamabad
82%
Indonesien 12 Jakarta
82%
Philippinen 34 Manila
81%
Vietnam 48 Hanoi
80%
Libanon 24 Beirut
79%
Katar 20 Doha
79%
Georgien 10 Tiflis
79%
Kuwait 22 Kuwait-Stadt
78%
Malediven 26 Malé
78%
Taiwan 43 Taipeh
78%
Bangladesch 6 Dhaka
75%
Armenien 3 Jerewan
75%
Malaysia 25 Kuala Lumpur
75%
Nordkorea 30 Pjöngjang
75%
Jemen 16 Sana'a
75%
Jordanien 17 Amman
73%
Kasachstan 19 Astana
72%
Nepal 29 Kathmandu
69%
Bahrain 5 Manama
69%
Kambodscha 18 Phnom Penh
67%
Usbekistan 46 Taschkent
67%
Oman 31 Maskat
65%
Tadschikistan 41 Duschanbe
64%
Kirgisistan 21 Bischkek
63%
Ost-Timor 32 Dili
61%
Laos 23 Vientiane
60%
Turkmenistan 45 Aşgabat
57%
Bhutan 7 Thimphu
54%
Brunei 8 Bandar Seri Begawan
53%
Sri Lanka 38 Colombo
53%
Mongolei 27 Ulan Bator
52%
Myanmar 28 Naypyidaw
51%
Keine übereinstimmenden Quizze gefunden
Verteilung der Resultate
Anzahl Personen mit jedem Resultat
Perzentil nach korrekt beantworteten Fragen
Ihre Resultats-Entwicklung
Sie haben dieses Quiz seit der letzten Aktualisierung nicht gespielt